<?xml version="1.0" encoding="UTF-8"?>
<record
    xmlns:xsi="http://www.w3.org/2001/XMLSchema-instance"
    xsi:schemaLocation="http://www.loc.gov/MARC21/slim http://www.loc.gov/standards/marcxml/schema/MARC21slim.xsd"
    xmlns="http://www.loc.gov/MARC21/slim">

  <leader>02479nam a2200265Ia 4500</leader>
  <controlfield tag="003">OSt</controlfield>
  <controlfield tag="005">20210430201747.0</controlfield>
  <controlfield tag="008">210310s2009    ck     gr     000 0dspa d</controlfield>
  <datafield tag="020" ind1=" " ind2=" ">
    <subfield code="a">9789588348520</subfield>
  </datafield>
  <datafield tag="040" ind1=" " ind2=" ">
    <subfield code="a">CO-JMCR</subfield>
    <subfield code="c">CO-JMCR</subfield>
  </datafield>
  <datafield tag="041" ind1="0" ind2=" ">
    <subfield code="a">spa</subfield>
  </datafield>
  <datafield tag="082" ind1="0" ind2="4">
    <subfield code="a">334.7 /</subfield>
    <subfield code="b">M353c</subfield>
    <subfield code="2">23</subfield>
  </datafield>
  <datafield tag="100" ind1="1" ind2=" ">
    <subfield code="a">Mar&#xED;n V&#xE9;lez, Guillermo Le&#xF3;n, </subfield>
    <subfield code="9">15555</subfield>
    <subfield code="e">autor</subfield>
  </datafield>
  <datafield tag="245" ind1="1" ind2="0">
    <subfield code="a">Cooperativas de trabajo asociado : </subfield>
    <subfield code="b">contexto jur&#xED;dico : s&#xED;ntesis, legislaci&#xF3;n, doctrina y jurisprudencia / </subfield>
    <subfield code="c">Guillermo Le&#xF3;n Mar&#xED;n V&#xE9;lez</subfield>
  </datafield>
  <datafield tag="250" ind1=" " ind2=" ">
    <subfield code="a">Primera edici&#xF3;n</subfield>
  </datafield>
  <datafield tag="260" ind1=" " ind2=" ">
    <subfield code="a">Medell&#xED;n : </subfield>
    <subfield code="b">Universidad de Medell&#xED;n, </subfield>
    <subfield code="c">2009</subfield>
  </datafield>
  <datafield tag="300" ind1=" " ind2=" ">
    <subfield code="a">99 p&#xE1;ginas ; </subfield>
    <subfield code="c">23 cm.</subfield>
  </datafield>
  <datafield tag="500" ind1=" " ind2=" ">
    <subfield code="a">Incluye notas a pie de p&#xE1;gina y datos biogr&#xE1;ficos del autor.</subfield>
  </datafield>
  <datafield tag="504" ind1=" " ind2=" ">
    <subfield code="a">Bibliograf&#xED;a: p&#xE1;gina [101]</subfield>
  </datafield>
  <datafield tag="505" ind1="0" ind2=" ">
    <subfield code="a">Instituciones jur&#xED;dicas propias del cooperativismo y del cooperativismo de trabajo asociado -- Naturaleza y caracter&#xED;sticas de las cooperativas de trabajo asociado -- Mecanismos de soluci&#xF3;n de conflictos</subfield>
  </datafield>
  <datafield tag="520" ind1="3" ind2=" ">
    <subfield code="a">El texto que hoy presentamos es, en lo fundamental, un estudio referido al conjunto de la legislaci&#xF3;n en materia de cooperativismo de trabajo asociado, comentado, con sus instituciones jur&#xED;dicas propias, la doctrina y la jurisprudencia. Delinear el "contexto jur&#xED;dico" de las cooperativas de trabajo asociado, a modo de s&#xED;ntesis de autor, es el objeto principal de la presente publicaci&#xF3;n. As&#xED;, estableciendo los par&#xE1;metros de esta modalidad, en forma neutra jur&#xED;dica y sin disquisiciones pol&#xE9;micas, se estar&#xE1; contribuyendo a su diferenciaci&#xF3;n con otras modalidades de trabajo, afianzando el principio de identidad del cooperativismo. Temas como el de las instituciones jur&#xED;dicas propias del derecho cooperativo de trabajo asociado, la naturaleza y caracter&#xED;sticas de las CTAS, los mecanismo de soluci&#xF3;n de controversias jur&#xED;dicas y la praxis jur&#xED;dico-laboral de trabajo asociado, en especial, los procesos ordinarios laborales y acciones de tutela, desde la &#xF3;ptica de la empresa asociativa, tienen en el texto cabal expresi&#xF3;n. El "Sello Editorial" de la Universidad de Medell&#xED;n y la Cooperaci&#xF3;n "DISTMA", coeditores, han ofrecido su apoyo institucional al presente trabajo, como un aporte fundamental a la comunidad acad&#xE9;mica, a los operadores jur&#xED;dicos institucionales y al sistema cooperativo en general.</subfield>
  </datafield>
  <datafield tag="650" ind1="1" ind2="4">
    <subfield code="a">Cooperativas</subfield>
    <subfield code="9">15557</subfield>
    <subfield code="x">Aspectos jur&#xED;dicos</subfield>
    <subfield code="z">Colombia</subfield>
  </datafield>
  <datafield tag="650" ind1="2" ind2="4">
    <subfield code="a">Cooperativismo</subfield>
    <subfield code="x">Aspectos jur&#xED;dicos</subfield>
    <subfield code="z">Colombia</subfield>
    <subfield code="9">37321</subfield>
  </datafield>
  <datafield tag="942" ind1=" " ind2=" ">
    <subfield code="2">ddc</subfield>
    <subfield code="c">BK</subfield>
  </datafield>
  <datafield tag="999" ind1=" " ind2=" ">
    <subfield code="c">7823</subfield>
    <subfield code="d">7823</subfield>
  </datafield>
  <datafield tag="952" ind1=" " ind2=" ">
    <subfield code="0">0</subfield>
    <subfield code="1">0</subfield>
    <subfield code="2">ddc</subfield>
    <subfield code="4">0</subfield>
    <subfield code="7">0</subfield>
    <subfield code="8">NFIC</subfield>
    <subfield code="a">CPL</subfield>
    <subfield code="b">CPL</subfield>
    <subfield code="d">2018-04-15</subfield>
    <subfield code="e">Donaci&#xF3;n</subfield>
    <subfield code="o">334.7 / M353c</subfield>
    <subfield code="p">430003743</subfield>
    <subfield code="r">2024-05-16 00:00:00</subfield>
    <subfield code="t">Ej.1</subfield>
    <subfield code="y">BK</subfield>
  </datafield>
  <datafield tag="952" ind1=" " ind2=" ">
    <subfield code="0">0</subfield>
    <subfield code="1">0</subfield>
    <subfield code="2">ddc</subfield>
    <subfield code="4">0</subfield>
    <subfield code="7">0</subfield>
    <subfield code="8">NFIC</subfield>
    <subfield code="a">CPL</subfield>
    <subfield code="b">CPL</subfield>
    <subfield code="d">2018-04-15</subfield>
    <subfield code="e">Donaci&#xF3;n</subfield>
    <subfield code="l">0</subfield>
    <subfield code="o">334.7 / M353c</subfield>
    <subfield code="p">430003742</subfield>
    <subfield code="r">2024-05-16 00:00:00</subfield>
    <subfield code="t">Ej.2</subfield>
    <subfield code="w">2021-04-30</subfield>
    <subfield code="y">BK</subfield>
  </datafield>
</record>
